00948nas a2200229Ia 4500001001100000003000900011008004100020040001300061040001300074041001300087100004300100210001400143222001400157245010400171250001100275260005000286501008600336300001700422362004400439500019900483650003600682R007/H6824IT-RoPAU151124c99999999xx |||||||||||| ||und|| aIT-RoPAU cIT-RoPAU aITALIANO aRusso GiuliagCodice Aut. SPICS: 58702 aCINEFORUM aCineforum aCINEFORUM, ANNO 46-N.457 (AGOSTO/SETTEMBRE 2006)bCars-Motori Ruggenti di John Lasseter E Joe Ranft a1a ed. aBERGAMObFEDERAZIONE ITALIANA CINEFORUMc2006 bPaulus - SPICS - Società San Paolo EM (non-commercial uses only)cCopyright2015 a3 p. [25-27] aANNO 046, N.457 (AGOSTO/SETTEMBRE 2006) aScheda, Trama e Recensione del Film. anche le Auto Hanno Un'Anima: Vecchiestorie, Nuove Carrozzerie; in Principio Fu la Lampadina, Gioielli Nascostidi un Successo Ventennale. Film di Animazione. aCINEMAvPUBBLICAZIONE PERIODICA